UBT Library

Elementary algebra / (Record no. 47212)

000 -LEADER
fixed length control field 00667cam a22002174a 4500
001 - CONTROL NUMBER
control field 16170925
005 - DATE AND TIME OF LATEST TRANSACTION
control field 20180820031707.0
008 - FIXED-LENGTH DATA ELEMENTS--GENERAL INFORMATION
fixed length control field 100405s2011 ilua 001 0 eng
010 ## - LIBRARY OF CONGRESS CONTROL NUMBER
LC control number 2010011634
020 ## - INTERNATIONAL STANDARD BOOK NUMBER
International Standard Book Number 0071745831 (alk. paper)
040 ## - CATALOGING SOURCE
Original cataloging agency DLC
Transcribing agency DLC
Modifying agency DLC
041 ## - LANGUAGE CODE
Language code of text/sound track or separate title eng
080 ## - UNIVERSAL DECIMAL CLASSIFICATION NUMBER
Universal Decimal Classification number 512.9
082 00 - DEWEY DECIMAL CLASSIFICATION NUMBER
Classification number 512.9
Edition number 22
100 1# - Rafti
Rafti 38
101 ## - Shkurtesa
Shkurtesa MAT
245 10 - TITLE STATEMENT
Title Elementary algebra /
Statement of responsibility, etc Barnett Rich, revised by Philip A. Schmidt ; abridgement editor, Brenda Bradford.
906 ## - LOCAL DATA ELEMENT F, LDF (RLIN)
a 7
b cbc
c orignew
d 1
e ecip
f 20
g y-gencatlg
942 ## - ADDED ENTRY ELEMENTS (KOHA)
Source of classification or shelving scheme
Item type Books
Holdings
Withdrawn status Lost status Source of classification or shelving scheme Damaged status Not for loan Collection code Permanent location Current location Shelving location Date acquired Total Checkouts Full call number Barcode Date last seen Price effective from Koha item type
          Koleksioni i përgjithshem UBT - Lipjan UBT - Lipjan Koleksioni i përgjithshem 08/20/2018   512.9 RIC 002-3011151 08/20/2018 08/20/2018 Books
UBT Library © 2015-2024. All rights reserved University Education for Business and Technology